Central Library OPAC University of Rajshahi

Electronic principles / (Record no. 53597)

MARC details
000 -LEADER
fixed length control field 00846nam a2200289 a 4500
001 - CONTROL NUMBER
control field 53597
003 - CONTROL NUMBER IDENTIFIER
rucl marc code BD-RjUL
005 - DATE AND TIME OF LATEST TRANSACTION
control field 20211209080005.0
008 - FIXED-LENGTH DATA ELEMENTS--GENERAL INFORMATION
fixed length control field 161018s2007 ii a b 001 0 eng
020 ## - INTERNATIONAL STANDARD BOOK NUMBER
International Standard Book Number 9780070634244
International Standard Book Number 0070634246
035 ## - SYSTEM CONTROL NUMBER
System control number (BD-RjUL)53719
040 ## - CATALOGING SOURCE
Original cataloging agency DLC
Transcribing agency DLC
Modifying agency DLC
-- BD-RjUL
Language of cataloging eng
041 ## - LANGUAGE CODE
Language code of text/sound track or separate title eng
082 00 - DEWEY DECIMAL CLASSIFICATION NUMBER
Classification number 621.381
Edition number 23
Author mark and year MAE 2007
100 1# - MAIN ENTRY--PERSONAL NAME
Personal name Malvino, Albert
9 (RLIN) 117211
245 10 - TITLE STATEMENT
Title Electronic principles /
Statement of responsibility, etc. Albert Malvino and David J. Bates
250 ## - EDITION STATEMENT
Edition statement 7th ed. (special indian ed.)
260 ## - PUBLICATION, DISTRIBUTION, ETC. (IMPRINT)
Place of publication, distribution, etc. New Delhi :
Name of publisher, distributor, etc. McGraw-Hill,
Date of publication, distribution, etc. 2007 [ Reprint 2010 ].
300 ## - PHYSICAL DESCRIPTION
Pagination xx, 1018 p. :
Illustrations ill. ;
Size 25 cm.
490 ## - SERIES STATEMENT
Series statement Tata Mcgraw-hill
500 ## - GENERAL NOTE
General note Includes index.
650 #0 - SUBJECT ADDED ENTRY--TOPICAL TERM
Topical term or geographic name as entry element Electronics.
9 (RLIN) 160177
700 ## - ADDED ENTRY--PERSONAL NAME
Personal name Bates, David J.
830 ## - SERIES ADDED ENTRY--UNIFORM TITLE
Uniform title Tata Mcgraw-hill
942 ## - ADDED ENTRY ELEMENTS (KOHA)
Source of classification or shelving scheme Dewey Decimal Classification
Koha item type Books
Holdings
Lost status Source of classification or shelving scheme Damaged status Not for loan Collection code Permanent Location Current Location Shelving location Date acquired Source of acquisition Cost, normal purchase price Total Checkouts Full call number Date last seen Copy number Koha item type Date checked out
  Dewey Decimal Classification     Non-fiction Central Library, University of Rajshahi Central Library, University of Rajshahi   31/03/2011 Paragon Enterprise Ltd.Dhaka. 495.00   621.381 MAE 2007 18/10/2016 C-2 Books  
  Dewey Decimal Classification   Not For Loan Non-fiction Central Library, University of Rajshahi Central Library, University of Rajshahi Reading Room 31/03/2011 Paragon Enterprise Ltd. 495.00   621.381 MAE 2007 22/03/2017 C-1 Books  
  Dewey Decimal Classification     Non-fiction Central Library, University of Rajshahi Central Library, University of Rajshahi   31/03/2011 Dhaka, Paragon Enterprises Ltd. 495.00 1 621.381 MAE 2010 07/12/2021 C-3 Books 18/11/2021
  Dewey Decimal Classification     Non-fiction Central Library, University of Rajshahi Central Library, University of Rajshahi   31/03/2011 Dhaka, Paragon Enterprises Ltd. 495.00   621.381 MAE 2010 29/05/2017 C-4 Books